obsessed - Olivia Rodrigo (All Lyrics) - Statistics

General Stats
  • This quiz has been taken 76 times
  • The average score is 323 of 379
Answer Stats
Lyrics % Correct
I
100%
be
96%
ex
96%
her
96%
her,
96%
her?
96%
I'm
96%
obsessed
96%
on
96%
on,
96%
She
96%
she
96%
she's
96%
She's
96%
with
96%
you
96%
You
96%
bed,
95%
bed?
95%
bed
95%
in
95%
in,
95%
know
95%
love
95%
of
95%
oh,
95%
Oh,
95%
side
95%
so
95%
your
95%
your,
95%
it,
93%
it
93%
my
93%
about
91%
at
91%
been
91%
me,
91%
me
91%
can
89%
ever
89%
every
89%
If
89%
if
89%
And
88%
and,
88%
and
88%
asleep
88%
But
88%
But,
88%
can't
88%
star
88%
think
88%
baby
86%
Is
86%
get
84%
good
84%
help
84%
we're
84%
Do
82%
God,
82%
(God,
82%
told
82%
wanna
82%
beautiful
80%
even
80%
feel
80%
ha
80%
how
80%
much
80%
sign,
80%
time
80%
was
80%
You'd
80%
blood
79%
crazy
79%
for
79%
friends
79%
friends?
79%
it's
79%
like
79%
no,
79%
No,
79%
type
79%
best
77%
got
77%
I've
77%
knew
77%
movie
77%
careful,
75%
have
75%
hurt
75%
loved
75%
seen
75%
would
75%
Yeah,
75%
mistake
73%
don't
71%
name,
71%
starin'
71%
The
71%
issues,
70%
kids
70%
looked
70%
makes
70%
call
68%
da
68%
da,
68%
talk
68%
detail
66%
fuckin'
66%
kindly
66%
Never
66%
speaks
66%
(Ah)
64%
(Ah),
64%
doesn't
64%
hips
64%
lips,
64%
matter,
64%
pictures
64%
La,
63%
la,
63%
la
63%
life
63%
moved
63%
party
63%
upset
63%
upset)
63%
Well
63%
controlling?
61%
'Cause
59%
easy
59%
going?
59%
remember
59%
those
59%
fine,
57%
talented,
55%
tell
55%
read?
54%
traveled?
54%
butthurt
50%
both
48%
(Uh
43%
huh)
36%
woah
9%
No matching quizzes found
Score Distribution
Percent of People with Each Score
Percentile by Number Answered
Your Score History
You have not taken this quiz